Ōsumi hantō minzoku saihōroku, Izumo Yatsuka-gun Katakuura minzoku kikigaki /
Disimpan dalam:
| Pengarang Utama: | |
|---|---|
| Format: | Buku |
| Bahasa: | Japanese |
| Diterbitkan: |
Tōkyō :
Miraisha,
1995.
|
| Edisi: | Shohan. |
| Siri: | Miyamoto, Tsuneichi, 1907-1981. Nihon minshūshi ; 1967 ;
39. |
| Subjek-subjek: | |
| Penanda-penanda: |
Tambah Penanda
Tiada Penanda, Jadilah orang pertama menanda rekod ini!
|
| LEADER | 01449nam a2200349 a 4500 | ||
|---|---|---|---|
| 001 | 007715033-3 | ||
| 005 | 20024617121422.0 | ||
| 008 | 950710s1995 ja a 000 0 jpn | ||
| 010 | |a 95459209 /AJ | ||
| 020 | |a 4624924398 | ||
| 035 | 0 | |a ocm33009810 | |
| 040 | |a DLC |c DLC |d *YNH* |d CStRLIN | ||
| 043 | |a a-ja--- | ||
| 050 | 0 | 0 | |a DS821 |b .M617 1967 vol. 39 |a DS895.O85M5 |
| 100 | 1 | |6 880-01 |a Miyamoto, Tsuneichi, |d 1907-1981. | |
| 245 | 1 | 0 | |6 880-02 |a Ōsumi hantō minzoku saihōroku, Izumo Yatsuka-gun Katakuura minzoku kikigaki / |c [chosha Miyamoto Tsuneichi]. |
| 250 | |6 880-03 |a Shohan. | ||
| 260 | |6 880-04 |a Tōkyō : |b Miraisha, |c 1995. | ||
| 300 | |a 351 p. : |b ill., map ; |c 19 cm. | ||
| 490 | 1 | |6 880-05 |a Miyamoto Tsuneichi chosakushū ; |v 39 | |
| 651 | 0 | |a Ōsumi Peninsula (Japan) |x Social life and customs. | |
| 651 | 0 | |6 880-06 |a Kashima-chō (Shimane-ken, Japan) |x Social life and customs. | |
| 880 | 1 | |6 100-01 |a 宮本常一, |d 1907- | |
| 880 | 1 | 0 | |6 245-02 |a 大隅半島民俗採訪錄・出雲八束郡片句浦民俗聞書 / |c [著者宮本常一]. |
| 880 | |6 250-03 |a 初版. | ||
| 880 | |6 260-04 |a 東京 : |b 未來社, |c 1995. | ||
| 880 | 1 | |6 490-05 |a 宮本常一著作集 ; |v 39 | |
| 880 | 0 | |6 651-06 |a 鹿島町 (Shimane-ken, Japan) |x Social life and customs. | |
| 800 | 1 | |6 880-07 |a Miyamoto, Tsuneichi, |d 1907-1981. |t Nihon minshūshi ; |f 1967 ; |v 39. | |
| 880 | 1 | |6 800-07 |a 宮本常一, |d 1907- |t Works. |f 1967 ; |v 39. | |
| 988 | |a 20021219 | ||
| 906 | |0 DLC | ||


